[Event "Aeroflot Open 2012 B"]
[Site "Moscow"]
[Date "2012.02.09"]
[Round "3"]
[White "Narayanan.S.L"]
[Black "Gladyszev, Oleg"]
[Result "0-1"]
[WhiteElo "2320"]
[BlackElo "2458"]
[PlyCount "160"]
[EventDate "2012.02.07"]
[EventType "swiss"]
[EventRounds "9"]
[EventCountry "RUS"]

1. d4 Nf6 2. c4 g6 3. g3 Bg7 4. Bg2 O-O 5. Nc3 d6 6. Nf3 Nbd7 7. O-O c6 8. e4
e5 9. h3 Qb6 10. Re1 exd4 11. Nxd4 Re8 12. Re2 Qa6 13. b3 Nc5 14. Bf4 Bf8 15.
Qc2 Qb6 16. Be3 a5 17. Rb1 Bd7 18. Kh2 Rad8 19. a3 Qc7 20. b4 axb4 21. axb4 Ne6
22. Rd2 Ra8 23. Nb3 Bc8 24. f4 Nd7 25. f5 Ng7 26. Rbd1 gxf5 27. Bf4 Ne5 28. c5
dxc5 29. Nxc5 Nh5 30. Nd3 Bd6 31. Nb2 Bf8 32. Nd3 Nxf4 33. Nxf4 Ng6 34. Ncd5
Qd8 35. exf5 Nxf4 36. Nxf4 Qf6 37. Nh5 Qe5 38. Rf2 Bxb4 39. Rf4 Ba5 40. Qc4
Bxf5 41. Qf1 Bg6 42. Nf6+ Kh8 43. Nxe8 Rxe8 44. Rd7 Bc7 45. h4 Re7 46. Qd1 h5
47. Qd4 Rxd7 48. Qxd7 Kg7 49. Qd4 c5 50. Qxe5+ Bxe5 51. Rc4 b6 52. Bc6 Kf6 53.
Ra4 Bc3 54. Bb5 Ke5 55. Rf4 Bd2 56. Rf2 Be3 57. Rf3 Kd4 58. Rf6 c4 59. Rxb6 c3
60. Ba4 c2 61. Bxc2 Bxc2 62. Rb5 f5 63. Rb4+ Kd5 64. Rb5+ Bc5 65. Rb8 Be4 66.
Rh8 Bf3 67. Re8 Bd6 68. Re1 Kd4 69. Kh3 Kd3 70. Re6 Bc5 71. Re5 Bd4 72. Re1 Be4
73. Rd1+ Ke3 74. Kh2 Be5 75. Rg1 Kf2 76. Rg2+ Kf3 77. Kh3 Bd3 78. Rg1 Be2 79.
Rg2 Bf1 80. Kh2 Bxg2 0-1

[Event "Aeroflot Open 2012 B"]
[Site "Moscow"]
[Date "2012.02.09"]
[Round "3"]
[White "Kurukin, Dmitry"]
[Black "Yuffa, Daniil"]
[Result "1-0"]
[WhiteElo "2417"]
[BlackElo "2323"]
[PlyCount "83"]
[EventDate "2012.02.07"]
[EventType "swiss"]
[EventRounds "9"]
[EventCountry "RUS"]

1. d4 Nf6 2. c4 g6 3. g3 Bg7 4. Bg2 O-O 5. Nc3 d6 6. Nf3 Nbd7 7. O-O c6 8. e4
e5 9. h3 exd4 10. Nxd4 Re8 11. Re1 Qb6 12. Re2 Nc5 13. Bf4 Be6 14. b3 Rad8 15.
Rb1 a5 16. Nxe6 Rxe6 17. Qc2 Nfd7 18. a3 Ne5 19. Rd2 Qa6 20. Be3 Ned7 21. Rbd1
a4 22. Nxa4 Nxa4 23. bxa4 Ne5 24. c5 Nc4 25. Bg5 Nxd2 26. Bxd8 Bh6 27. Rxd2
Bxd2 28. Qxd2 dxc5 29. Be7 Qb6 30. Qd7 Kg7 31. Qe8 Rxe7 32. Qxe7 c4 33. Bf1 Qd4
34. Qb4 b5 35. axb5 cxb5 36. Qxb5 c3 37. Bd3 h5 38. h4 f6 39. Kf1 Kh6 40. Ke2
f5 41. Qd5 Qa4 42. Qe5 1-0

[Event "Aeroflot Open 2012 B"]
[Site "Moscow"]
[Date "2012.02.09"]
[Round "3"]
[White "Soumya, Swaminathan"]
[Black "Javakhadze, Zurab"]
[Result "1/2-1/2"]
[WhiteElo "2280"]
[BlackElo "2413"]
[PlyCount "119"]
[EventDate "2012.02.07"]
[EventType "swiss"]
[EventRounds "9"]
[EventCountry "RUS"]

1. e4 e5 2. Nf3 Nc6 3. Bb5 d6 4. O-O Bd7 5. c3 Nf6 6. d4 Be7 7. Re1 O-O 8. a4
a6 9. Bc4 exd4 10. cxd4 Bg4 11. Nc3 Nb4 12. Bb3 c5 13. d5 Nd7 14. h3 Bxf3 15.
Qxf3 c4 16. Bd1 Ne5 17. Qe2 Ned3 18. Rf1 Bf6 19. Be3 Re8 20. a5 Be5 21. Ra4 Rc8
22. f4 Bxc3 23. bxc3 Rxe4 24. cxb4 Qe7 25. Qg4 f5 26. Qxf5 Rf8 27. Qg4 Rxe3 28.
Ra2 c3 29. f5 Re4 30. Qg3 Nxb4 31. Raf2 Qe5 32. Qf3 Re1 33. Rxe1 Qxe1+ 34. Rf1
Qe5 35. Rf2 Kh8 36. Bb3 Re8 37. Qg4 Qe4 38. Qxe4 Rxe4 39. Rf3 Re1+ 40. Kf2 Rc1
41. Ke2 Kg8 42. g4 h5 43. g5 h4 44. Re3 Kh7 45. Re4 c2 46. Rxh4+ Kg8 47. Rc4
Kf8 48. h4 Ke7 49. Rc3 Rh1 50. Bxc2 Rh2+ 51. Kd1 Nxd5 52. Rb3 Rxh4 53. Rxb7+
Kf8 54. Bb3 Rf4 55. f6 gxf6 56. g6 Ne3+ 57. Ke2 Nc4 58. Rd7 Rd4 59. Rf7+ Kg8
60. Bxc4 1/2-1/2

[Event "Aeroflot Open 2012 B"]
[Site "Moscow"]
[Date "2012.02.09"]
[Round "3"]
[White "Garcia, Jan Emmanuel"]
[Black "Palacios, Antonio"]
[Result "1-0"]
[WhiteElo "2409"]
[BlackElo "2320"]
[PlyCount "81"]
[EventDate "2012.02.07"]
[EventType "swiss"]
[EventRounds "9"]
[EventCountry "RUS"]

1. c4 Nf6 2. Nc3 e6 3. e4 d5 4. e5 d4 5. exf6 dxc3 6. bxc3 Qxf6 7. Nf3 c5 8. d4
h6 9. Bd3 cxd4 10. cxd4 Nc6 11. O-O Nxd4 12. Nxd4 Qxd4 13. Be3 Qe5 14. Rb1 a6
15. Re1 Bc5 16. Qa4+ Ke7 17. Be4 Bxe3 18. Rxe3 Qc5 19. Rd3 Ra7 20. Bxb7 f5 21.
Rdb3 Kf6 22. Bf3 Rc7 23. Rc3 Rd8 24. Rd1 Rxd1+ 25. Qxd1 a5 26. Qd8+ Qe7 27.
Qd4+ Kg6 28. Qe5 Qc5 29. Qg3+ Kh7 30. Bh5 g5 31. Be2 Rd7 32. Rd3 Kg6 33. h4
Rxd3 34. h5+ Kf6 35. Qxd3 g4 36. Qd8+ Kg7 37. Qe8 Kf6 38. Qg6+ Ke7 39. Qxh6 Qe5
40. Qg5+ Kd6 41. Qd8+ 1-0

[Event "Aeroflot Open 2012 B"]
[Site "Moscow"]
[Date "2012.02.09"]
[Round "3"]
[White "Kreisl, Robert"]
[Black "Pasiev, Rakhim"]
[Result "1-0"]
[WhiteElo "2406"]
[BlackElo "2312"]
[PlyCount "73"]
[EventDate "2012.02.07"]
[EventType "swiss"]
[EventRounds "9"]
[EventCountry "RUS"]

1. Nf3 Nc6 2. d4 d5 3. e3 Bg4 4. Bb5 e6 5. c4 Nge7 6. cxd5 exd5 7. h3 Bh5 8.
O-O Qd6 9. b3 O-O-O 10. Ba3 Qf6 11. Nbd2 g5 12. Rc1 a6 13. Be2 Kb8 14. Bc5 Bxf3
15. Bxf3 h5 16. Bxh5 Qe6 17. Qf3 f5 18. g4 Qh6 19. Rfe1 Ng6 20. Qxf5 Nh4 21.
Qd3 Qe6 22. e4 Bxc5 23. Rxc5 Rxh5 24. gxh5 Nxd4 25. Re3 dxe4 26. Qxe4 Qf7 27.
Rd3 Qf6 28. Re5 Qd6 29. Rxd4 Qxd4 30. Qxd4 Rxd4 31. Re8+ Ka7 32. Ne4 Nf3+ 33.
Kg2 Nh4+ 34. Kg3 Nf5+ 35. Kf3 Nd6 36. Nxd6 cxd6 37. Re4 1-0

[Event "Aeroflot Open 2012 B"]
[Site "Moscow"]
[Date "2012.02.09"]
[Round "3"]
[White "Hernandez, Alexander"]
[Black "Gabuzyan, Hovhannes"]
[Result "1/2-1/2"]
[WhiteElo "2270"]
[BlackElo "2402"]
[PlyCount "119"]
[EventDate "2012.02.07"]
[EventType "swiss"]
[EventRounds "9"]
[EventCountry "RUS"]

1. e4 c5 2. Nf3 d6 3. d4 cxd4 4. Nxd4 Nf6 5. Nc3 g6 6. Be2 Bg7 7. O-O O-O 8.
Re1 Nc6 9. Nb3 a6 10. Bf1 b5 11. Nd5 Bb7 12. Bg5 Nxd5 13. exd5 Ne5 14. Qd2 Re8
15. a4 Nc4 16. Bxc4 bxc4 17. Nd4 Qd7 18. Nc6 e6 19. Rad1 Bxc6 20. dxc6 Qxc6 21.
Qxd6 Qxa4 22. c3 Qb5 23. Bc1 Bf8 24. Qd7 Be7 25. Qc7 Rac8 26. Qf4 Red8 27. h4
Rd3 28. Rxd3 cxd3 29. Rd1 Rd8 30. g3 e5 31. Qf3 h5 32. g4 hxg4 33. Qxg4 Qd7 34.
Qg3 Qf5 35. Bg5 Bxg5 36. Qxg5 Qxg5+ 37. hxg5 e4 38. Kg2 Rd5 39. Kg3 Rxg5+ 40.
Kf4 Rb5 41. Kxe4 Rxb2 42. Rxd3 Rxf2 43. c4 Kf8 44. Kd5 Rf6 45. Re3 Re6 46. Rb3
Ke7 47. Rb7+ Kf6 48. c5 Re1 49. Rb6+ Kf5 50. c6 Rd1+ 51. Kc5 Ke5 52. Rxa6 g5
53. Ra4 Rc1+ 54. Kb6 Kd5 55. c7 f5 56. Ra5+ Ke6 57. Ra8 Rb1+ 58. Kc5 Rc1+ 59.
Kb6 Rb1+ 60. Kc5 1/2-1/2

[Event "Aeroflot Open 2012 B"]
[Site "Moscow"]
[Date "2012.02.09"]
[Round "3"]
[White "Lavrov, Maxim"]
[Black "Savitskiy, Sergey"]
[Result "0-1"]
[WhiteElo "2397"]
[BlackElo "2301"]
[PlyCount "74"]
[EventDate "2012.02.07"]
[EventType "swiss"]
[EventRounds "9"]
[EventCountry "RUS"]

1. e4 e5 2. Nf3 Nc6 3. Bb5 a6 4. Ba4 d6 5. c3 Bd7 6. d4 g6 7. Bg5 f6 8. Be3 Bg7
9. O-O Nh6 10. d5 Ne7 11. Bxd7+ Qxd7 12. c4 O-O 13. Nc3 b6 14. b4 a5 15. a3 f5
16. Ng5 f4 17. Bd2 axb4 18. axb4 Rxa1 19. Qxa1 Qg4 20. Nf3 Qh5 21. Qa7 g5 22.
Qxc7 g4 23. Qxe7 gxf3 24. Qe6+ Nf7 25. Qh3 Qxh3 26. gxh3 Ng5 27. h4 Nh3+ 28.
Kh1 Rc8 29. c5 dxc5 30. bxc5 Rxc5 31. Rb1 Bf8 32. Rxb6 Rc7 33. Rb1 Rg7 34. Rf1
Bb4 35. Be1 Bxc3 36. Bxc3 Kf7 37. Be1 Ke8 0-1

[Event "Aeroflot Open 2012 B"]
[Site "Moscow"]
[Date "2012.02.09"]
[Round "3"]
[White "Baghdasaryan, Vahe"]
[Black "Byambaa, Zulzaga"]
[Result "1-0"]
[WhiteElo "2393"]
[BlackElo "2279"]
[PlyCount "61"]
[EventDate "2012.02.07"]
[EventType "swiss"]
[EventRounds "9"]
[EventCountry "RUS"]

1. e4 g6 2. d4 Bg7 3. Nc3 c6 4. h3 d6 5. Be3 Nd7 6. f4 Qb6 7. Bc4 Qxb2 8. Nge2
Qb6 9. O-O Qc7 10. a4 e6 11. f5 Nb6 12. Bd3 exf5 13. exf5 Nf6 14. Bg5 O-O 15.
Qe1 d5 16. Qh4 Qd6 17. Rf3 Bxf5 18. Rxf5 gxf5 19. Ng3 Ne4 20. Nxf5 Qd7 21. Nxe4
dxe4 22. Bxe4 f6 23. Nxg7 Qxg7 24. Bh6 Qd7 25. Bxf8 Rxf8 26. c3 Nc4 27. Rf1 Nd2
28. Bf5 Qc7 29. Re1 Qg7 30. Qf2 Nc4 31. Be6+ 1-0

[Event "Aeroflot Open 2012 B"]
[Site "Moscow"]
[Date "2012.02.09"]
[Round "3"]
[White "Gagare, Shardul"]
[Black "Huang, Qian"]
[Result "1/2-1/2"]
[WhiteElo "2268"]
[BlackElo "2389"]
[PlyCount "62"]
[EventDate "2012.02.07"]
[EventType "swiss"]
[EventRounds "9"]
[EventCountry "RUS"]

1. c4 c5 2. g3 g6 3. Bg2 Bg7 4. Nc3 Nc6 5. a3 d6 6. Nf3 e5 7. Rb1 a5 8. O-O
Nge7 9. Ne1 Be6 10. d3 O-O 11. Nc2 d5 12. cxd5 Nxd5 13. Ne3 Nde7 14. Bd2 b6 15.
Nc4 Rb8 16. Nb5 Qd7 17. b4 axb4 18. axb4 Bxc4 19. dxc4 Rfd8 20. Bc3 Qxd1 21.
Rfxd1 Rxd1+ 22. Rxd1 cxb4 23. Be1 Bf8 24. Rb1 Rd8 25. Bxb4 Nxb4 26. Rxb4 Rd1+
27. Bf1 Nc6 28. Rb2 Rc1 29. Nc7 Rxc4 30. Nd5 Nb4 31. e3 Rc2 1/2-1/2

[Event "Aeroflot Open 2012 B"]
[Site "Moscow"]
[Date "2012.02.09"]
[Round "3"]
[White "Swayams, Mishra"]
[Black "Korchmar, Vasiliy"]
[Result "1-0"]
[WhiteElo "2386"]
[BlackElo "2263"]
[PlyCount "65"]
[EventDate "2012.02.07"]
[EventType "swiss"]
[EventRounds "9"]
[EventCountry "RUS"]

1. d4 Nf6 2. c4 g6 3. Nc3 Bg7 4. e4 d6 5. h3 O-O 6. Bg5 c5 7. d5 e6 8. Bd3 exd5
9. cxd5 Re8 10. Nge2 Nbd7 11. O-O Ne5 12. Bc2 Nc4 13. Qc1 b5 14. Nxb5 Qb6 15.
Nbc3 Qxb2 16. Qxb2 Nxb2 17. Rab1 Nc4 18. Ba4 Bd7 19. Bxf6 Bxa4 20. Bxg7 Kxg7
21. Nxa4 Nd2 22. Nec3 Nxb1 23. Rxb1 Rab8 24. Rxb8 Rxb8 25. e5 c4 26. exd6 Kf8
27. Nc5 Rb5 28. N3e4 Rb1+ 29. Kh2 Rb5 30. a4 Rb4 31. d7 Ke7 32. d6+ Kd8 33. Ng5
1-0

[Event "Aeroflot Open 2012 B"]
[Site "Moscow"]
[Date "2012.02.09"]
[Round "3"]
[White "Alavkin, Arseny"]
[Black "Kharmunova, Nadejda"]
[Result "1-0"]
[WhiteElo "2383"]
[BlackElo "2215"]
[PlyCount "57"]
[EventDate "2012.02.07"]
[EventType "swiss"]
[EventRounds "9"]
[EventCountry "RUS"]

1. e4 c6 2. d4 d5 3. e5 Bf5 4. Nf3 e6 5. Be2 h6 6. O-O Ne7 7. b3 Bh7 8. c4 Nf5
9. Bb2 Be7 10. Nc3 Nd7 11. g3 O-O 12. Bd3 c5 13. cxd5 cxd4 14. Ne2 exd5 15. Qb1
g6 16. Bxf5 gxf5 17. Nexd4 Re8 18. e6 fxe6 19. Nxe6 Qb6 20. Nf4 Nf6 21. Qd3
Rad8 22. Rae1 Bf8 23. Rxe8 Nxe8 24. Re1 Ng7 25. Nxd5 Qd6 26. Rd1 Kh8 27. Ne5
Qe6 28. Qf3 Bg6 29. Nf4 1-0

[Event "Aeroflot Open 2012 B"]
[Site "Moscow"]
[Date "2012.02.09"]
[Round "3"]
[White "Severina, Maria"]
[Black "Padmini, Rout"]
[Result "0-1"]
[WhiteElo "2185"]
[BlackElo "2383"]
[PlyCount "80"]
[EventDate "2012.02.07"]
[EventType "swiss"]
[EventRounds "9"]
[EventCountry "RUS"]

1. d4 Nf6 2. Nf3 g6 3. c4 Bg7 4. Nc3 d5 5. cxd5 Nxd5 6. e4 Nxc3 7. bxc3 c5 8.
Be3 Qa5 9. Qd2 O-O 10. Rc1 b6 11. d5 Nd7 12. Bh6 Ba6 13. h4 Bxf1 14. Kxf1 f6
15. e5 Nxe5 16. Nxe5 Bxh6 17. Qxh6 fxe5 18. Qd2 Rf6 19. Re1 Raf8 20. f3 Rf5 21.
Re4 c4 22. h5 g5 23. h6 Kf7 24. Rh5 Kg6 25. Rh3 Qb5 26. Kf2 Qc5+ 27. Kf1 Qb5
28. Kf2 $11 Qc5+ 29. Kf1 Kf6 30. Rh5 Rd8 31. g4 Rxd5 32. Qe2 Rf4 33. Kg2 b5 34.
a4 Qd6 35. Kg3 Rd2 36. Qe3 Rd3 37. Qe2 Rdxf3+ 38. Qxf3 Rxf3+ 39. Kxf3 Qd3+ 40.
Re3 Qf1+ 0-1

[Event "Aeroflot Open 2012 B"]
[Site "Moscow"]
[Date "2012.02.09"]
[Round "3"]
[White "Belyakov, Bogdan"]
[Black "Zhelesny, Stanislav"]
[Result "1-0"]
[WhiteElo "2375"]
[BlackElo "2161"]
[PlyCount "41"]
[EventDate "2012.02.07"]
[EventType "swiss"]
[EventRounds "9"]
[EventCountry "RUS"]

1. e4 c6 2. d4 d5 3. Nd2 dxe4 4. Nxe4 Nf6 5. Nxf6+ exf6 6. c3 Bd6 7. Bd3 O-O 8.
Qc2 h6 9. Ne2 Qc7 10. Be3 Re8 11. O-O-O Nd7 12. Qd2 Nf8 13. Kb1 Qa5 14. Ng3 Be6
15. b3 Rad8 16. Ne4 f5 17. Nxd6 Rxd6 18. Qc2 Bd5 19. Bf4 Rde6 20. f3 Rg6 21.
Bd2 1-0

[Event "Aeroflot Open 2012 B"]
[Site "Moscow"]
[Date "2012.02.09"]
[Round "3"]
[White "Chubar, Vladimir"]
[Black "Byelopolskiy, V."]
[Result "1-0"]
[WhiteElo "2078"]
[BlackElo "2478"]
[PlyCount "40"]
[EventDate "2012.02.07"]
[EventType "swiss"]
[EventRounds "9"]
[EventCountry "RUS"]

1. Nf3 Nf6 2. d4 e6 3. Nc3 Bb4 4. Bg5 Bxc3+ 5. bxc3 d5 6. c4 b6 7. cxd5 exd5 8.
e3 O-O 9. Bd3 Bb7 10. Ne5 h6 11. h4 Qe7 12. Rh3 c5 13. Bxf6 Qxf6 14. Qh5 cxd4
15. Rf3 Qe7 16. Qf5 g6 17. Nxg6 fxg6 18. Qxg6+ Qg7 19. Qe6+ Kh8 20. Rg3 Qf7 1-0

[Event "Aeroflot Open 2012 B"]
[Site "Moscow"]
[Date "2012.02.09"]
[Round "3"]
[White "Arabidze, Meri"]
[Black "Inants, Aghasi"]
[Result "1/2-1/2"]
[WhiteElo "2358"]
[BlackElo "2347"]
[PlyCount "102"]
[EventDate "2012.02.07"]
[EventType "swiss"]
[EventRounds "9"]
[EventCountry "RUS"]

1. d4 Nf6 2. c4 c5 3. d5 e6 4. Nc3 exd5 5. cxd5 Bd6 6. Nf3 O-O 7. Bg5 Re8 8. e3
a6 9. a4 Bf8 10. Be2 d6 11. O-O Nbd7 12. Nd2 Rb8 13. h3 Ne5 14. a5 h6 15. Bh4
g5 16. Bg3 Bg7 17. Qc2 Nfd7 18. f4 Ng6 19. Nc4 gxf4 20. exf4 Bd4+ 21. Kh1 Nf6
22. Bf3 Ne7 23. Ne2 Bf5 24. Qd1 Ne4 25. Bh4 Bf6 26. Bxf6 Nxf6 27. Ng3 Qd7 28.
Kh2 Bg6 29. b4 Nf5 30. bxc5 dxc5 31. Bg4 Nxg4+ 32. Qxg4 Qxd5 33. Nxf5 Qxf5 34.
Qxf5 Bxf5 35. Nd6 Bd3 36. Rf3 c4 37. Nxe8 Rxe8 38. Rg3+ Kh7 39. Ra4 Rc8 40. Ra1
Re8 41. Ra4 Rc8 42. Re3 c3 43. Ra1 c2 44. Rc1 Rd8 45. g4 f5 46. Re7+ Kg6 47.
Rxb7 Be4 48. Rc7 Rd2+ 49. Kg3 Rd3+ 50. Kh2 Rd2+ 51. Kg3 Rd3+ 1/2-1/2

[Event "Aeroflot Open 2012 B"]
[Site "Moscow"]
[Date "2012.02.10"]
[Round "4"]
[White "Grishchenko, Sergey"]
[Black "Sivuk, Vitaly"]
[Result "1-0"]
[WhiteElo "2489"]
[BlackElo "2459"]
[PlyCount "75"]
[EventDate "2012.02.07"]
[EventType "swiss"]
[EventRounds "9"]
[EventCountry "RUS"]

1. d4 Nf6 2. c4 g6 3. Nc3 Bg7 4. e4 O-O 5. Nf3 c6 6. Bd3 d6 7. O-O a6 8. Bg5
Bg4 9. Be3 Nbd7 10. h3 Bxf3 11. Qxf3 c5 12. d5 b5 13. cxb5 Ne5 14. Qe2 Nxd3 15.
Qxd3 axb5 16. Nxb5 Nd7 17. Qc2 Qa5 18. a4 Qb4 19. Ra2 c4 20. Rc1 Rfc8 21. Na7
Rxa7 22. Bxa7 Ne5 23. Rd1 Nd7 24. a5 Ra8 25. Bd4 Bxd4 26. Rxd4 Qe1+ 27. Kh2 Ne5
28. Rd1 Qb4 29. Qc3 Qb5 30. Rb1 f5 31. exf5 gxf5 32. f4 Nd3 33. b3 Rc8 34. Ra4
Kf7 35. Rxc4 Nc5 36. Qc2 Rg8 37. Qxf5+ Ke8 38. Qc2 1-0

[Event "Aeroflot Open 2012 B"]
[Site "Moscow"]
[Date "2012.02.10"]
[Round "4"]
[White "Can, Emre"]
[Black "Mikhalevski, Victor"]
[Result "1-0"]
[WhiteElo "2462"]
[BlackElo "2525"]
[PlyCount "63"]
[EventDate "2012.02.07"]
[EventType "swiss"]
[EventRounds "9"]
[EventCountry "RUS"]

1. Nf3 c5 2. c4 g6 3. Nc3 Bg7 4. g3 Nc6 5. Bg2 e5 6. d3 Nge7 7. h4 h6 8. Bd2 d6
9. a3 a5 10. Qc1 Be6 11. Rb1 Rc8 12. e4 f5 13. O-O Nd4 14. b4 axb4 15. axb4 b5
16. Nxd4 cxd4 17. Nxb5 fxe4 18. c5 dxc5 19. bxc5 O-O 20. Nd6 exd3 21. Nxc8 Qxc8
22. Bxh6 Bxh6 23. Qxh6 Qxc5 24. Rb7 d2 25. Qxd2 Rf7 26. Qh6 Qd6 27. Rfb1 Rh7
28. Rb8+ Bc8 29. Qc1 Kf7 30. Rxc8 Nxc8 31. Qxc8 Kg7 32. Rb8 1-0

[Event "Aeroflot Open 2012 B"]
[Site "Moscow"]
[Date "2012.02.10"]
[Round "4"]
[White "Kotanjian, Tigran"]
[Black "Munguntuul, Batkhuyag"]
[Result "1/2-1/2"]
[WhiteElo "2533"]
[BlackElo "2452"]
[PlyCount "110"]
[EventDate "2012.02.07"]
[EventType "swiss"]
[EventRounds "9"]
[EventCountry "RUS"]

1. d4 d5 2. c4 c6 3. Nf3 Nf6 4. Nc3 a6 5. cxd5 cxd5 6. Bf4 Nc6 7. Rc1 Bf5 8. e3
e6 9. Qb3 Bd6 10. Qxb7 Na5 11. Qxa8 Qxa8 12. Bxd6 Nc4 13. Bxc4 dxc4 14. O-O Nd5
15. Ba3 f6 16. Nd2 Bd3 17. Rfd1 Kf7 18. Nce4 Kg6 19. Nc5 Rc8 20. Nxe6 c3 21.
Nb3 cxb2 22. Bxb2 Bc2 23. Re1 Bxb3 24. axb3 Rxc1 25. Rxc1 Qb8 26. Nc5 Qb4 27.
Rd1 Qb5 28. Re1 Qa5 29. Kf1 Qa2 30. Bc1 Nb4 31. Rd1 Qc2 32. Ke1 Nd5 33. Bd2 Qb2
34. Nxa6 Qxb3 35. Nc5 Qb2 36. g4 h5 37. gxh5+ Kxh5 38. Rc1 Kg4 39. Nd3 Qb3 40.
Ke2 g5 41. e4 Nb6 42. e5 fxe5 43. Rg1+ Kh3 44. Nxe5 Qb5+ 45. Nd3 g4 46. Rg3+
Kh4 47. f3 gxf3+ 48. Rxf3 Nd5 49. Be1+ Kg5 50. h4+ Kh6 51. Bd2+ Kh7 52. h5 Qc4
53. h6 Qxd4 54. Rg3 Nc3+ 55. Bxc3 Qxc3 1/2-1/2

[Event "Aeroflot Open 2012 B"]
[Site "Moscow"]
[Date "2012.02.10"]
[Round "4"]
[White "Bakre, Tejas"]
[Black "Kopylov, Alexander A"]
[Result "1/2-1/2"]
[WhiteElo "2509"]
[BlackElo "2440"]
[PlyCount "28"]
[EventDate "2012.02.07"]
[EventType "swiss"]
[EventRounds "9"]
[EventCountry "RUS"]

1. Nf3 c5 2. c4 Nc6 3. g3 g6 4. Bg2 Bg7 5. O-O e6 6. Nc3 Nge7 7. e3 O-O 8. d4
cxd4 9. Nxd4 d5 10. cxd5 Nxd4 11. exd4 Nxd5 12. Qb3 Qb6 13. Nxd5 exd5 14. Be3
Be6 $11 1/2-1/2

[Event "Aeroflot Open 2012 B"]
[Site "Moscow"]
[Date "2012.02.10"]
[Round "4"]
[White "Vaibhav, Suri"]
[Black "Ovetchkin, Roman"]
[Result "1/2-1/2"]
[WhiteElo "2448"]
[BlackElo "2507"]
[PlyCount "49"]
[EventDate "2012.02.07"]
[EventType "swiss"]
[EventRounds "9"]
[EventCountry "RUS"]

1. e4 e5 2. Nf3 Nc6 3. Bb5 Nf6 4. O-O Nxe4 5. Re1 Nd6 6. Nxe5 Be7 7. Bf1 Nxe5
8. Rxe5 O-O 9. d4 Bf6 10. Re1 Nf5 11. c3 d5 12. Bf4 c6 13. Nd2 Bg5 14. Bxg5
Qxg5 15. Nf3 Qf6 16. Bd3 Nd6 17. Qb3 Bf5 18. Bxf5 Qxf5 19. Re5 Qd7 20. Rae1
Rae8 21. Qc2 f6 22. Rxe8 Rxe8 23. Rxe8+ Qxe8 24. Kf1 Qe4 25. Qxe4 1/2-1/2

[Event "Aeroflot Open 2012 B"]
[Site "Moscow"]
[Date "2012.02.10"]
[Round "4"]
[White "Wan, Yunguo"]
[Black "Lalith, Babu M.R"]
[Result "1/2-1/2"]
[WhiteElo "2428"]
[BlackElo "2484"]
[PlyCount "46"]
[EventDate "2012.02.07"]
[EventType "swiss"]
[EventRounds "9"]
[EventCountry "RUS"]

1. e4 c6 2. d4 d5 3. Nc3 dxe4 4. Nxe4 Bf5 5. Ng3 Bg6 6. h4 h6 7. Nf3 Nd7 8. h5
Bh7 9. Bd3 Bxd3 10. Qxd3 e6 11. Bf4 Qa5+ 12. Bd2 Bb4 13. c3 Be7 14. c4 Qc7 15.
O-O-O Ngf6 16. Qe2 O-O 17. Kb1 a5 18. Ne5 Bd6 19. f4 c5 20. Bc3 cxd4 21. Bxd4
Bc5 22. Bc3 Bb4 23. Bd4 Bc5 1/2-1/2

[Event "Aeroflot Open 2012 B"]
[Site "Moscow"]
[Date "2012.02.10"]
[Round "4"]
[White "Hayrapetyan, Hovik"]
[Black "Sundararajan, Kidambi"]
[Result "1/2-1/2"]
[WhiteElo "2406"]
[BlackElo "2474"]
[PlyCount "35"]
[EventDate "2012.02.07"]
[EventType "swiss"]
[EventRounds "9"]
[EventCountry "RUS"]

1. d4 Nf6 2. Nf3 d5 3. c4 e6 4. Nc3 Be7 5. Bg5 O-O 6. e3 h6 7. Bh4 b6 8. Qc2
Bb7 9. cxd5 Nxd5 10. Nxd5 Bxd5 11. Bxe7 Qxe7 12. Be2 Nd7 13. O-O c5 14. Rac1
Rac8 15. Qa4 Rc7 16. Rfd1 Rfc8 17. Ba6 Rb8 18. Bb5 $11 1/2-1/2

[Event "Aeroflot Open 2012 B"]
[Site "Moscow"]
[Date "2012.02.10"]
[Round "4"]
[White "Akshayraj, Kore"]
[Black "Potapov, Pavel"]
[Result "0-1"]
[WhiteElo "2386"]
[BlackElo "2468"]
[PlyCount "102"]
[EventDate "2012.02.07"]
[EventType "swiss"]
[EventRounds "9"]
[EventCountry "RUS"]

1. d4 d5 2. Nf3 Nf6 3. c4 c6 4. e3 e6 5. b3 Nbd7 6. Bb2 Bd6 7. Bd3 O-O 8. O-O
b6 9. Nbd2 Bb7 10. Ne5 c5 11. Qf3 cxd4 12. exd4 dxc4 13. Qxb7 cxd3 14. Qf3 Nd5
15. Rfd1 Rc8 16. Ndc4 Be7 17. Rxd3 b5 18. Ne3 N7f6 19. a4 a6 20. axb5 axb5 21.
Kh1 Nxe3 22. fxe3 Rc2 23. Nc6 $11 Qe8 24. Nxe7+ Qxe7 25. Ba3 b4 26. Bc1 e5 27.
e4 exd4 28. Bg5 Rc3 29. Re1 Rxd3 30. Qxd3 h6 31. Bh4 Qe5 32. Bg3 Qc5 33. e5 Ng4
34. Qe4 Ne3 35. h3 Re8 36. Bf4 Qc3 37. Rg1 Kh8 38. Kh2 f5 39. Qb7 Qxb3 40. Qd7
Qe6 41. Qxd4 Nd5 42. Re1 b3 43. Bc1 Rc8 44. Bb2 Rc2 45. Rd1 f4 46. Qe4 Ne7 47.
Rd8+ Ng8 48. Rd6 Qe7 49. Bd4 Qf8 50. Qd5 f3 51. Rd8 Qf4+ 0-1

[Event "Aeroflot Open 2012 B"]
[Site "Moscow"]
[Date "2012.02.10"]
[Round "4"]
[White "Zhai, Mo"]
[Black "Oparin, Grigoriy"]
[Result "0-1"]
[WhiteElo "2191"]
[BlackElo "2466"]
[PlyCount "70"]
[EventDate "2012.02.07"]
[EventType "swiss"]
[EventRounds "9"]
[EventCountry "RUS"]

1. e4 c5 2. Nf3 d6 3. d4 cxd4 4. Nxd4 Nf6 5. Nc3 a6 6. Be2 e6 7. f4 Be7 8. O-O
O-O 9. Be3 Qc7 10. a4 b6 11. Bf3 Bb7 12. g4 Nc6 13. g5 Nd7 14. f5 Nxd4 15. Qxd4
d5 16. Qd1 Bc5 17. Bxc5 Qxc5+ 18. Rf2 d4 19. Nb1 Ne5 20. Nd2 exf5 21. Bg2 d3
22. Nb3 dxc2 23. Qe1 Qc4 24. exf5 Nd3 25. Qc3 Qxc3 26. bxc3 Nxf2 27. Bxb7 Ra7
28. Bd5 Nh3+ 29. Kf1 Nxg5 30. Re1 h5 31. Nd4 Rc7 32. Nc6 Rfc8 33. h4 Rxc6 34.
Bxc6 Rxc6 35. hxg5 Rxc3 0-1

[Event "Aeroflot Open 2012 B"]
[Site "Moscow"]
[Date "2012.02.10"]
[Round "4"]
[White "Grover, Sahaj"]
[Black "Antipov, Mikhail Al"]
[Result "1-0"]
[WhiteElo "2532"]
[BlackElo "2436"]
[PlyCount "59"]
[EventDate "2012.02.07"]
[EventType "swiss"]
[EventRounds "9"]
[EventCountry "RUS"]

1. d4 Nf6 2. c4 e6 3. Nc3 Bb4 4. Qc2 O-O 5. Nf3 d6 6. Bg5 h6 7. Bh4 Nbd7 8. Nd2
e5 9. dxe5 dxe5 10. O-O-O c6 11. g4 Be7 12. Rg1 Nh7 13. Bg3 Bh4 14. Nf3 Bxg3
15. Rxg3 Qe7 16. h4 Re8 17. g5 hxg5 18. Nxg5 Nxg5 19. hxg5 Nf8 20. Bg2 Ne6 21.
Ne4 Rd8 22. Nf6+ Kf8 23. Qh7 Rxd1+ 24. Kxd1 Qd8+ 25. Rd3 Nd4 26. Qh8+ Ke7 27.
Qxg7 Bf5 28. Nd5+ Kd6 29. Re3 f6 30. Nxf6 1-0

[Event "Aeroflot Open 2012 B"]
[Site "Moscow"]
[Date "2012.02.10"]
[Round "4"]
[White "Shimanov, Aleksandr"]
[Black "Artemiev, Vladislav"]
[Result "1/2-1/2"]
[WhiteElo "2549"]
[BlackElo "2439"]
[PlyCount "153"]
[EventDate "2012.02.07"]
[EventType "swiss"]
[EventRounds "9"]
[EventCountry "RUS"]

1. d4 d5 2. Nf3 Nf6 3. c4 c6 4. Nc3 e6 5. g3 dxc4 6. Bg2 b5 7. Ne5 Nd5 8. a4
Bb4 9. O-O O-O 10. axb5 Bxc3 11. bxc3 cxb5 12. Ba3 Re8 13. e4 Nf6 14. Qb1 a6
15. f4 Qc7 16. g4 Bb7 17. g5 Nfd7 18. Ra2 Nc6 19. Raf2 Rad8 20. Rf3 b4 21. Nxc6
Bxc6 22. Bxb4 a5 23. Ba3 Rb8 24. Qc2 Rb3 25. Ra1 f5 26. gxf6 Nxf6 27. Rff1 Qb7
28. Rfe1 Qc7 29. Qd2 Rd8 30. Qe3 Qf7 31. Kh1 a4 32. Ra2 Qb7 33. Bb4 Qxb4 34.
cxb4 Rxe3 35. Rxe3 Rxd4 36. Bf3 Bxe4 37. Rxa4 Bxf3+ 38. Rxf3 Nd5 39. b5 Rd1+
40. Kg2 c3 41. Rc4 Rb1 42. Rc5 c2 43. Rxc2 Rxb5 44. Kg3 Kf7 45. Ra3 Ne7 46. Re2
Nf5+ 47. Kg4 h5+ 48. Kh3 Rb6 49. Kg2 Nh4+ 50. Kh3 Nf5 51. Ra7+ Kf6 52. Ra8 Rb3+
53. Kg2 Nh4+ 54. Kg1 Ng6 55. Ra4 Rf3 56. Rf2 Rd3 57. Rf1 Nh4 58. Ra8 Rd2 59.
Rf8+ Ke7 60. Rh8 g6 61. Ra8 Kf6 62. Ra3 Rg2+ 63. Kh1 Rd2 64. Rh3 Nf5 65. Kg1
Nd4 66. Rf2 Rd1+ 67. Kg2 Nf5 68. Ra3 Nh4+ 69. Kh3 Nf5 70. Re2 Rd6 71. Kg2 Nh4+
72. Kh3 Nf5 73. Re4 Rc6 74. Rb4 e5 75. fxe5+ Kxe5 76. Rba4 Rc2 77. Ra5+ 1/2-1/2